000 00504nam a2200181Ia 4500
005 20250326123914.0
008 250326s9999 xx 000 0 und d
037 _aTextbook
040 _aFMSL
_beng
_cFMSL
041 _aeng
_2eng
084 _aSM9;7 L3
_qFMSL
100 _aEysenck H J
245 0 _aExperimental study of freudian theories
_cEysenck H J; Wilson G D
260 _aLondon
_bLondon, Methuen
_c1973
300 _a405p
942 _cTB
_hSM9;7 L3
999 _c1271413
_d1271413